00516nam a2200157 a 450000500170000000800410001702000180005805000210007610000190009724500340011626000340015030000090018444000260019399900190021995201200023820140412111358.0110120s19uu xx 00 eng d a971-121-021-5 aFil EbPu98 2009 aBigornia, Mike aSi Putot /cMike L. Bigornia. aPhils :bAdarna house,c2009. aunp. aA book in 2 languages c105427d105427 001040aELbELcFILd2011-01-20eLib. Fundg60.00l0oFil E Pu98 2009pE10130r2014-04-12 00:00:00w2014-04-12yBK